000 00813nam a2200241Ia 4500
003 OSt
005 20220925202836.0
006 a|||||r|||| 00| 0
007 ta
008 220923b |||||||| |||| 00| 0 eng d
020 _cRs 70.00
037 _bDSE, DISS
_cGeneral Book
040 _aRTL
_cRTL
_beng
041 _2eng
_aeng
100 _aSINGH Brijinder
_9264462
245 0 _aPrice and consumer brand choice behaviour
260 _aDelhi
_bUniversity of Delhi
_c1985
300 _ax, 124p Bibliography: P 122-124
_ccm.
490 _aUniversity of Delhi, Commerce and Business (Faculty of-), Dissertation. Dissertation, University of Delhi, Commerce and Business (Faculty of-
650 _aCONSUMPTION
_9235081
942 _cGB
_2CC
999 _c544348
_d544348